[Event "Lliga Catalana DH"]
[Site "Barbera del Valles, Spain"]
[Date "2018.01.27"]
[Round "2.8"]
[White "Bals Hernandez, Jordi "]
[Black "Rivas Garcia, Victor "]
[Result "1/2-1/2"]
[WhiteElo "2270"]
[BlackElo "2343"]
[PlyCount "67"]
[EventDate "2018.??.??"]
[WhiteTeam "MLL"]
[BlackTeam "BAB"]

1. d4 f5 2. Nf3 Nf6 3. g3 d6 4. Bg2 g6 5. O-O Bg7 6. c4 O-O 7. Nc3 c6 8. b3 Qa5
9. Bb2 e5 10. dxe5 dxe5 11. e4 f4 12. Qd6 Rd8 13. Qxe5 Nd5 14. Qxg7+ Kxg7 15.
Nxd5+ Kg8 16. Bc3 Qa3 17. Bb4 Qa6 18. Ne7+ Kg7 19. Nxc8 Rxc8 20. Ng5 c5 21.
Bc3+ Kg8 22. Bh3 Re8 23. Rfd1 h6 24. Be6+ Kf8 25. Nh7+ Ke7 26. Bh3 Kf7 27. e5
Nc6 28. Rd7+ Re7 29. e6+ Ke8 30. Nf6+ Kf8 31. Nh7+ Ke8 32. Nf6+ Kf8 33. Nh7+
Ke8 34. Nf6+ 1/2-1/2

[Event "Lliga Catalana DH"]
[Site "Barbera del Valles, Spain"]
[Date "2018.01.27"]
[Round "2.9"]
[White "Martinez Ramirez, Erik "]
[Black "Garcia Marin, Guillem "]
[Result "1-0"]
[WhiteElo "2335"]
[BlackElo "2179"]
[PlyCount "91"]
[EventDate "2018.??.??"]
[WhiteTeam "BAB"]
[BlackTeam "MLL"]

1. e4 e5 2. Nf3 Nf6 3. Nxe5 d6 4. Nf3 Nxe4 5. Nc3 Nxc3 6. dxc3 Be7 7. Bf4 Nd7
8. Bc4 Nc5 9. Be3 Be6 10. Bxe6 Nxe6 11. h4 c6 12. Qd2 h6 13. O-O-O Qa5 14. Kb1
O-O-O 15. h5 Bf6 16. Nd4 Rhe8 17. Qd3 Bxd4 18. Bxd4 Kb8 19. Be3 Qe5 20. g3 d5
21. Rh4 c5 22. f4 Qe4 23. f5 Qxd3 24. cxd3 Ng5 25. Bxc5 Re2 26. f6 gxf6 27. Rf4
Ne6 28. Rf2 Rxf2 29. Bxf2 Rg8 30. Kc2 Rg5 31. Rh1 Rg4 32. Kd2 a6 33. Ke3 f5 34.
Rh4 Rg8 35. Kf3 f6 36. Be3 Ng5+ 37. Kf4 Re8 38. Bd4 Re2 39. Kxf5 Rxb2 40. Bxf6
Rg2 41. Bxg5 hxg5 42. Kxg5 Rxg3+ 43. Rg4 Rxd3 44. h6 Rxc3 45. h7 Rc8 46. Kf5
1-0

[Event "Lliga Catalana DH"]
[Site "Barbera del Valles, Spain"]
[Date "2018.01.27"]
[Round "2.10"]
[White "Fernandez Lozano, Francesc "]
[Black "Almeria Vivo, Marc "]
[Result "0-1"]
[WhiteElo "2180"]
[BlackElo "2299"]
[PlyCount "80"]
[EventDate "2018.??.??"]
[WhiteTeam "MLL"]
[BlackTeam "BAB"]

1. d4 e6 2. Nf3 Nf6 3. e3 d5 4. Bd3 Bd6 5. Nbd2 Nbd7 6. e4 dxe4 7. Nxe4 Nxe4 8.
Bxe4 h6 9. c3 O-O 10. O-O Nf6 11. Bc2 b6 12. Re1 Bb7 13. Ne5 c5 14. Bf4 cxd4
15. Qxd4 Bc5 16. Qxd8 Rfxd8 17. Rad1 b5 18. Nd3 Bf8 19. Nc1 Nd5 20. Bg3 Rdc8
21. Bd3 a6 22. Ne2 g5 23. h3 Bg7 24. Rb1 Rd8 25. Red1 Rac8 26. a4 bxa4 27. Bc2
Bc6 28. Ra1 Nb6 29. b3 Rxd1+ 30. Bxd1 Bb5 31. bxa4 Bxe2 32. Bxe2 Bxc3 33. Rb1
Nxa4 34. Bxa6 Rc5 35. Bb7 e5 36. Be4 Bd4 37. Kh2 Kg7 38. f3 Nc3 39. Rc1 Nxe4
40. Ra1 Nc3 0-1

[Event "Lliga Catalana DH"]
[Site "Barcelona"]
[Date "2018.01.27"]
[Round "2.1"]
[White "Movsziszian, Karen"]
[Black "Guerra Mendez, Jose Angel"]
[Result "1/2-1/2"]
[WhiteElo "2562"]
[BlackElo "2544"]
[PlyCount "95"]
[EventDate "1988.??.??"]
[WhiteTeam "SAN"]
[BlackTeam "PEC"]

1. g3 e5 2. c4 Nf6 3. Bg2 d5 4. cxd5 Nxd5 5. Nf3 Nc6 6. O-O Nb6 7. b3 Be7 8.
Bb2 f6 9. d3 O-O 10. Nbd2 Be6 11. Rc1 Qd7 12. Ne4 Rfd8 13. Nfd2 Nd4 14. Nc5
Bxc5 15. Rxc5 Bd5 16. Bxd5+ Nxd5 17. e4 Nb4 18. Bxd4 exd4 19. Qc1 Qe6 20. Qb1
Qa6 21. Rxc7 Nxd3 22. b4 Ne5 23. Qb3+ Kh8 24. f4 Ng4 25. Qf7 Rg8 26. Qc4 Qxc4
27. Nxc4 Rgc8 28. Rxc8+ Rxc8 29. Nd2 Rc2 30. Nf3 d3 31. Rd1 Nf2 32. Rd2 Nxe4
33. Rxd3 h5 34. a3 Rc1+ 35. Kg2 Rc2+ 36. Kf1 Ra2 37. Ke1 Kh7 38. Re3 f5 39. Rd3
Kg6 40. Ne5+ Kf6 41. Rd7 g5 42. Rxb7 gxf4 43. gxf4 Rxa3 44. h4 Ke6 45. Nc6 Kd5
46. Ne7+ Ke6 47. Nc6 Kd5 48. Ne7+ 1/2-1/2

[Event "Lliga Catalana DH"]
[Site "Barcelona"]
[Date "2018.01.27"]
[Round "2.2"]
[White "Gual Pascual, Antoni"]
[Black "Muñoz, Miguel"]
[Result "1/2-1/2"]
[WhiteElo "2485"]
[BlackElo "2525"]
[PlyCount "120"]
[EventDate "1988.??.??"]
[WhiteTeam "PEC"]
[BlackTeam "SAN"]

1. d4 Nf6 2. c4 c5 3. d5 g6 4. Nc3 Bg7 5. Nf3 O-O 6. Bg5 h6 7. Bf4 Qb6 8. Rb1
e6 9. e4 g5 10. Bg3 exd5 11. cxd5 Re8 12. Nd2 d6 13. Be2 Qd8 14. O-O Bf8 15. f4
Nbd7 16. fxg5 hxg5 17. Nc4 Nb6 18. Nxb6 axb6 19. Bb5 Bg4 20. Qe1 Nd7 21. Qf2
Qe7 22. e5 Nxe5 23. Bxe5 dxe5 24. Ne4 f5 25. d6 Qg7 26. Qg3 Red8 27. h3 fxe4
28. Qxg4 Rxd6 29. Rf5 Rg6 30. Rbf1 Qh6 31. Qxe4 Bg7 32. Qxb7 Rd8 33. Qe7 Rdd6
34. Bc4+ Kh7 35. Bf7 Rge6 36. Bxe6 Rxe6 37. Qxg5 Qxg5 38. Rxg5 Kh6 39. Rxg7
Kxg7 40. Kf2 Rd6 41. Ke3 Kg6 42. Rf2 Rd4 43. Rd2 Rb4 44. b3 Kf5 45. Rd6 c4 46.
bxc4 Rxc4 47. g4+ Kg5 48. Rxb6 Rc3+ 49. Ke4 Rxh3 50. a4 Ra3 51. Ra6 Kxg4 52.
Kxe5 Re3+ 53. Kd4 Ra3 54. Ra5 Kf4 55. Kc4 Ra1 56. Ra8 Ke5 57. Kb5 Kd6 58. Rc8
Rb1+ 59. Ka6 Kd7 60. Rc5 Rb4 1/2-1/2

[Event "Lliga Catalana DH"]
[Site "Barcelona"]
[Date "2018.01.27"]
[Round "2.3"]
[White "Dominguez Pons, Eric"]
[Black "Djuric, Stefan"]
[Result "1/2-1/2"]
[WhiteElo "2447"]
[BlackElo "2470"]
[PlyCount "34"]
[EventDate "1988.??.??"]
[WhiteTeam "SAN"]
[BlackTeam "PEC"]

1. d4 Nf6 2. Bg5 Ne4 3. Bf4 c6 4. f3 Qa5+ 5. c3 Nf6 6. e4 d6 7. Nd2 Qc7 8. Bd3
e5 9. Bg5 Be7 10. Ne2 O-O 11. O-O a5 12. Kh1 a4 13. a3 b6 14. Nc4 h6 15. Bh4
Be6 16. Qe1 Nbd7 17. Rd1 Rfe8 1/2-1/2

[Event "Lliga Catalana DH"]
[Site "Barcelona"]
[Date "2018.01.27"]
[Round "2.4"]
[White "Alonso Garcia, Rene"]
[Black "Akbarinia, Sayed Arash"]
[Result "0-1"]
[WhiteElo "2424"]
[BlackElo "2387"]
[PlyCount "84"]
[EventDate "1988.??.??"]
[WhiteTeam "PEC"]
[BlackTeam "SAN"]

1. d4 d5 2. c4 e6 3. Nc3 Nf6 4. Bg5 c6 5. e3 h6 6. Bh4 Nbd7 7. Qc2 Qa5 8. cxd5
Nxd5 9. e4 Nxc3 10. bxc3 c5 11. d5 exd5 12. exd5 g5 13. Bg3 Bg7 14. Rc1 O-O 15.
Bd3 c4 16. Bxc4 Nb6 17. Bb3 Bg4 18. f3 Bd7 19. Qd2 Na4 20. Ne2 Rac8 21. c4 Qb6
22. Bf2 Nc5 23. O-O Nxb3 24. axb3 Qxb3 25. Nd4 Qa3 26. c5 Qa4 27. Rfe1 Rfe8 28.
Rxe8+ Rxe8 29. c6 bxc6 30. Nxc6 a6 31. Bd4 Bf8 32. Ba1 Qa3 33. Rd1 Bd6 34. Bd4
Qb3 35. Bf2 Qb5 36. h4 Re2 37. Qd4 Qb2 38. hxg5 hxg5 39. Qa7 Qc2 40. Ra1 Rxf2
41. Qxf2 Bc5 42. Nd4 Qd3 0-1

[Event "Lliga Catalana DH"]
[Site "Barcelona"]
[Date "2018.01.27"]
[Round "2.5"]
[White "Colon Garcia, Enrique"]
[Black "Escandell Mari, Juan Carlos"]
[Result "1/2-1/2"]
[WhiteElo "2406"]
[BlackElo "2351"]
[PlyCount "92"]
[EventDate "1988.??.??"]
[WhiteTeam "SAN"]
[BlackTeam "PEC"]

1. e4 e5 2. Nf3 Nc6 3. Bb5 a6 4. Ba4 Nf6 5. O-O Be7 6. d3 b5 7. Bb3 O-O 8. Re1
d6 9. a3 h6 10. Nbd2 Na5 11. Ba2 c5 12. Nf1 Nc6 13. Ng3 Be6 14. Bxe6 fxe6 15.
c3 Nh7 16. Be3 Ng5 17. Nxg5 Bxg5 18. Qg4 Qf6 19. Nh5 Qe7 20. h4 Bxh4 21. Nxg7
Bxf2+ 22. Bxf2 Qxg7 23. Qxe6+ Qf7 24. Qxf7+ Kxf7 25. b4 cxb4 26. axb4 Ke6 27.
Re2 Rfc8 28. Rea2 Nd8 29. Be1 Rc6 30. Ra5 Rb6 31. Kf1 Nb7 32. R5a3 d5 33. Bf2
Rd6 34. Ke2 dxe4 35. dxe4 Rg8 36. g3 Ra8 37. Rh1 Kf7 38. Ra2 Rc8 39. Be1 Kg7
40. Rh5 Re6 41. g4 Rc4 42. Kd3 Nd8 43. Re2 Nf7 44. Rf5 Nd6 45. Rh5 Nf7 46. Rf5
Nd6 1/2-1/2

[Event "Lliga Catalana DH"]
[Site "Barcelona"]
[Date "2018.01.27"]
[Round "2.6"]
[White "Bru Rullo, Llatzer"]
[Black "Castelltort Fernandez, Antoni"]
[Result "1/2-1/2"]
[WhiteElo "2315"]
[BlackElo "2345"]
[PlyCount "28"]
[EventDate "1988.??.??"]
[WhiteTeam "PEC"]
[BlackTeam "SAN"]

1. d4 f5 2. Nf3 Nf6 3. g3 g6 4. Bg2 Bg7 5. O-O O-O 6. b3 d6 7. Bb2 c6 8. Nbd2
Na6 9. c4 Qc7 10. Qc2 Re8 11. e4 fxe4 12. Nxe4 Bf5 13. Nxf6+ exf6 14. Qd2 Qd7
1/2-1/2

[Event "Lliga Catalana DH"]
[Site "Barcelona"]
[Date "2018.01.27"]
[Round "2.7"]
[White "Castellano Egea, Einar"]
[Black "Castellet Giralt, Gabriel"]
[Result "1/2-1/2"]
[WhiteElo "2298"]
[BlackElo "2322"]
[PlyCount "68"]
[EventDate "1988.??.??"]
[WhiteTeam "SAN"]
[BlackTeam "PEC"]

1. e4 c5 2. Nf3 Nc6 3. d4 cxd4 4. Nxd4 g6 5. Nc3 Bg7 6. Nde2 d6 7. g3 Bg4 8.
Bg2 Bxc3+ 9. bxc3 Qa5 10. f3 Be6 11. O-O Qc5+ 12. Kh1 Nf6 13. Nf4 h5 14. Nxe6
fxe6 15. h4 Rc8 16. Bh3 Rc7 17. Qe1 Qc4 18. Be3 b6 19. a4 Kf7 20. Rf2 Na5 21.
Bf4 e5 22. Bd2 Qc6 23. Qe2 Qc4 24. Qe1 Kg7 25. Ra3 Qc5 26. Ra1 Nc4 27. Bg5 Rf8
28. Be6 Nxe4 29. Qxe4 Qxf2 30. Bxc4 Qxg3 31. Rf1 Qh3+ 32. Kg1 Qg3+ 33. Kh1 e6
34. Be2 Rcf7 1/2-1/2

[Event "Lliga Catalana DH"]
[Site "Barcelona"]
[Date "2018.01.27"]
[Round "2.8"]
[White "Oliva Valero, Oscar"]
[Black "Bautista Sanchez, Joan"]
[Result "1-0"]
[WhiteElo "2298"]
[BlackElo "2284"]
[PlyCount "57"]
[EventDate "1988.??.??"]
[WhiteTeam "PEC"]
[BlackTeam "SAN"]

1. d4 c6 2. e4 d5 3. Nc3 dxe4 4. Nxe4 Nd7 5. Bc4 Ngf6 6. Ng5 e6 7. Ne2 Nb6 8.
Bb3 Be7 9. O-O h6 10. Nf3 c5 11. c3 cxd4 12. Nexd4 O-O 13. Qe2 Bd7 14. Bf4 Nbd5
15. Be5 Qb6 16. Rfe1 Rfe8 17. Rad1 Bc6 18. Bc2 Nd7 19. Bg3 N5f6 20. Bf4 Bxf3
21. Nxf3 Red8 22. Nd4 Nd5 23. Bxh6 gxh6 24. Qg4+ Kh8 25. Qh5 Kg7 26. Nxe6+ fxe6
27. Qg6+ Kf8 28. Qxh6+ Kg8 29. Bh7+ 1-0

[Event "Lliga Catalana DH"]
[Site "Barcelona"]
[Date "2018.01.27"]
[Round "2.9"]
[White "Subirats Ruiz, Sergi"]
[Black "Valencia Jimenez, Josep"]
[Result "1-0"]
[WhiteElo "2284"]
[BlackElo "2263"]
[PlyCount "91"]
[EventDate "1988.??.??"]
[WhiteTeam "SAN"]
[BlackTeam "PEC"]

1. e4 c5 2. Nf3 Nc6 3. d4 cxd4 4. Nxd4 g6 5. Nc3 Bg7 6. Be3 Nf6 7. Bc4 Qa5 8.
O-O O-O 9. h3 a6 10. Re1 d6 11. Qd2 Bd7 12. Rad1 Rac8 13. Bb3 Qh5 14. Nde2 Rfe8
15. Bg5 h6 16. Be3 g5 17. Ng3 Qh4 18. Nd5 Nxd5 19. exd5 Ne5 20. Bd4 f5 21. Bxe5
dxe5 22. d6+ Kh8 23. dxe7 Rxe7 24. Qd6 Rce8 25. Qg6 Rf8 26. Rxd7 Rxd7 27. Be6
Qb4 28. c3 Qd6 29. Nxf5 Rxf5 30. Qxf5 Rd8 31. Bb3 Rf8 32. Qe4 Qd2 33. Rf1 Rf4
34. Qxb7 Qxb2 35. g3 Rf8 36. Qe4 Qxc3 37. Bc2 Kg8 38. Rd1 Qc7 39. Qh7+ Kf7 40.
Qg6+ Kg8 41. Qh7+ Kf7 42. Bb3+ Kf6 43. g4 Rh8 44. Qf5+ Ke7 45. Qe6+ Kf8 46.
Rd8+ 1-0

[Event "Lliga Catalana DH"]
[Site "Barcelona"]
[Date "2018.01.27"]
[Round "2.10"]
[White "Comallonga Fernandez, Josep"]
[Black "Delisau Gil, Orol"]
[Result "0-1"]
[WhiteElo "2159"]
[BlackElo "2268"]
[PlyCount "98"]
[EventDate "1988.??.??"]
[WhiteTeam "PEC"]
[BlackTeam "SAN"]

1. d4 Nf6 2. c4 g6 3. Nc3 Bg7 4. e4 d6 5. g3 O-O 6. Bg2 Nc6 7. Nge2 e5 8. d5
Nd4 9. O-O Re8 10. h3 c5 11. Be3 a6 12. a4 Bd7 13. f4 exf4 14. Bxf4 Nh5 15. Be3
Nxe2+ 16. Nxe2 b5 17. axb5 axb5 18. Rxa8 Qxa8 19. b3 bxc4 20. bxc4 Qa2 21. g4
Nf6 22. Qd3 Rb8 23. Nc1 Qa1 24. Nb3 Qa4 25. Nd2 Ne8 26. Rb1 Rxb1+ 27. Qxb1 Qb4
28. Bf1 Bc3 29. Qxb4 cxb4 30. Bd3 Ba4 31. Nb1 Be5 32. Kf1 Nc7 33. c5 dxc5 34.
Bxc5 b3 35. Ke1 Kg7 36. Kd2 Kf6 37. Nc3 Bd7 38. Nb1 Kg5 39. Na3 Kh4 40. Nc4
Bf4+ 41. Kc3 Kxh3 42. Kxb3 Bxg4 43. Nb6 Kg2 44. Bd4 h5 45. e5 Bf3 46. Kc4 h4
47. d6 Ne6 48. Nd5 Bg5 49. Nf6 h3 0-1

[Event "Lliga Catalana DH"]
[Site "Barcelona"]
[Date "2018.01.27"]
[Round "2.7"]
[White "Gallart Zafra, Jaume"]
[Black "Bruned Segura, Mario"]
[Result "1-0"]
[WhiteElo "2298"]
[BlackElo "2217"]
[PlyCount "67"]
[EventDate "2018.??.??"]
[WhiteTeam "TPE"]
[BlackTeam "LLE"]

1. e4 e5 2. Nc3 Nf6 3. g3 d5 4. exd5 Nxd5 5. Bg2 Nxc3 6. bxc3 Bd6 7. Ne2 O-O 8.
O-O c6 9. d3 Bg4 10. Be3 Qc8 11. Rb1 Nd7 12. h3 Be6 13. c4 Nc5 14. Kh2 Rd8 15.
Nc3 f5 16. Qe2 f4 17. Bxc5 Bxc5 18. Qxe5 Bd4 19. Qe1 f3 20. Bxf3 Bxh3 21. Bg2
Rd6 22. Ne4 Rh6 23. Rh1 Qf5 24. Kg1 Bxg2 25. Kxg2 Rxh1 26. Qxh1 Rf8 27. f4 Qg4
28. Qd1 Qd7 29. Qh5 b6 30. Rh1 h6 31. Qg6 Kh8 32. Ng5 Qf5 33. Qxc6 Qg4 34.
Rxh6+ 1-0

[Event "Lliga Catalana DH"]
[Site "Barcelona"]
[Date "2018.01.27"]
[Round "2.10"]
[White "Sole Gonzalez, Edgar"]
[Black "Marques Taltavull, Antoni"]
[Result "0-1"]
[WhiteElo "2134"]
[BlackElo "2231"]
[PlyCount "79"]
[EventDate "2018.??.??"]
[WhiteTeam "LLE"]
[BlackTeam "TPE"]

1. d4 c5 2. e3 e6 3. Nf3 Nf6 4. c4 b6 5. Nc3 Be7 6. Be2 O-O 7. O-O d6 8. e4
Nbd7 9. e5 Ne8 10. Nb5 a6 11. dxc5 dxc5 12. Nc3 Bb7 13. Re1 Qc7 14. Bf4 Rd8 15.
Qc2 h6 16. Bg3 Qc6 17. Bd3 f5 18. exf6 Nexf6 19. Qe2 e5 20. Nd5 Bd6 21. Nd2 b5
22. cxb5 axb5 23. Bxb5 Qc8 24. Nxf6+ Nxf6 25. Nc4 Ne4 26. Nxd6 Rxd6 27. Rad1
Rd4 28. f3 Nxg3 29. hxg3 Qd8 30. b3 e4 31. fxe4 Qg5 32. Rxd4 cxd4 33. Qc4+ Kh8
34. Qxd4 Qxb5 35. e5 Qc6 36. Qd2 Qc5+ 37. Qe3 Qd5 38. Qe2 Re8 39. Kh2 Rxe5 40.
Qf2 0-1

[Event "Lliga Catalana DH"]
[Site "Barcelona"]
[Date "2018.01.27"]
[Round "2.9"]
[White "Prat Llabres, Joan"]
[Black "Masague Artero, Guerau"]
[Result "0-1"]
[WhiteElo "2259"]
[BlackElo "2158"]
[PlyCount "114"]
[EventDate "2018.??.??"]
[WhiteTeam "TPE"]
[BlackTeam "LLE"]

1. e4 c5 2. c3 Nf6 3. e5 Nd5 4. Bc4 Nb6 5. Bb3 c4 6. Bc2 Nc6 7. Nf3 d6 8. exd6
Qxd6 9. O-O Bg4 10. Qe2 g6 11. b3 cxb3 12. axb3 Rc8 13. h3 h5 14. Na3 Bg7 15.
d4 Nd5 16. Nb5 Qe6 17. Qxe6 Bxe6 18. Ng5 a6 19. Nxe6 fxe6 20. Bxg6+ Kd7 21. Na3
Nxc3 22. Nc4 Bxd4 23. Bb2 Ne2+ 24. Kh1 Bxb2 25. Nxb2 Ned4 26. Na4 Kc7 27. Nc5
Rcd8 28. Rfe1 Rd6 29. Rac1 b6 30. Ne4 Rd5 31. Nc3 Rg5 32. Be4 Nxb3 33. Rcd1 Nc5
34. f4 Rg3 35. Bf3 Rd8 36. Rxd8 Nxd8 37. Re5 Nd3 38. Rxh5 Nxf4 39. Rh7 Kd7 40.
Ne4 Rg6 41. g3 Nd5 42. Bh5 Rg8 43. g4 a5 44. g5 a4 45. Nf6+ Nxf6 46. gxf6 Nc6
47. f7 Rc8 48. Rg7 Ne5 49. Rg5 Nxf7 50. Bxf7 Rc1+ 51. Kh2 a3 52. Rg2 Re1 53.
Rd2+ Kc6 54. h4 Rf1 55. Bxe6 b5 56. h5 Rf6 57. Bb3 Rf5 0-1

[Event "Lliga Catalana DH"]
[Site "?"]
[Date "2018.01.27"]
[Round "2.8"]
[White "Codina Garcia, Josep"]
[Black "Leiro Giralt, Dani"]
[Result "1/2-1/2"]
[WhiteElo "2189"]
[BlackElo "2285"]
[PlyCount "50"]
[EventDate "2016.??.??"]
[WhiteTeam "LLE"]
[BlackTeam "TPE"]

1. c4 e6 2. g3 d5 3. Bg2 Nf6 4. d4 Be7 5. b3 O-O 6. Nf3 c6 7. O-O Nbd7 8. Nbd2
b6 9. Bb2 Bb7 10. Qc2 Rc8 11. Rac1 c5 12. dxc5 Bxc5 13. Qb1 dxc4 14. Nxc4 b5
15. Ncd2 Qb6 16. h3 h6 17. e3 a6 18. Bd4 Bxd4 19. Nxd4 Bxg2 20. Kxg2 Qb7+ 21.
Kg1 Nb6 22. Rxc8 Rxc8 23. Rc1 Nfd5 24. Rxc8+ Qxc8 25. Qc2 Qxc2 1/2-1/2

[Event "Lliga Catalana DH"]
[Site "?"]
[Date "2018.01.27"]
[Round "2.5"]
[White "Martinez Pla, Xavier"]
[Black "Quintas Galeano, Luis"]
[Result "1-0"]
[WhiteElo "2320"]
[BlackElo "2227"]
[PlyCount "86"]
[EventDate "2018.??.??"]
[WhiteTeam "TPE"]
[BlackTeam "LLE"]

1. e4 c6 2. d4 d5 3. e5 c5 4. dxc5 Nc6 5. Nf3 Bg4 6. c3 e6 7. b4 a6 8. Nbd2
Nge7 9. h3 Bxf3 10. Nxf3 Ng6 11. Be2 Be7 12. O-O Ncxe5 13. Nxe5 Nxe5 14. Bf4
Nc6 15. Qb3 O-O 16. Rad1 Bf6 17. Bf3 Qc8 18. Bd6 Rd8 19. c4 d4 20. b5 axb5 21.
cxb5 Na5 22. Qb4 g6 23. Rd3 Ra7 24. Ra3 Rxd6 25. cxd6 b6 26. Bc6 Qd8 27. Rd3
Nb7 28. Bxb7 Rxb7 29. Rxd4 Bxd4 30. Qxd4 Rd7 31. Rd1 f6 32. h4 Kf7 33. h5 Qb8
34. Rd3 e5 35. Qd5+ Kg7 36. a4 Qd8 37. Qc6 f5 38. a5 bxa5 39. b6 Rf7 40. d7 e4
41. Rd5 e3 42. fxe3 a4 43. Qxa4 Qh4 1-0

[Event "Lliga Catalana DH"]
[Site "Barcelona"]
[Date "2018.01.27"]
[Round "2.6"]
[White "Sole Pijuan, Ferran"]
[Black "Gonzalez Verges, Alex"]
[Result "1-0"]
[WhiteElo "2226"]
[BlackElo "2312"]
[PlyCount "87"]
[EventDate "2018.??.??"]
[WhiteTeam "LLE"]
[BlackTeam "TPE"]

1. d4 Nf6 2. c4 g6 3. Nc3 Bg7 4. e4 d6 5. Bd3 Nc6 6. Nge2 e5 7. d5 Nd4 8. O-O
c5 9. dxc6 bxc6 10. Nxd4 exd4 11. Ne2 c5 12. Bg5 O-O 13. Qd2 Qb6 14. Rae1 Rb8
15. b3 Be6 16. h3 Qb4 17. Qc1 a5 18. f4 a4 19. f5 Bd7 20. Qf4 axb3 21. axb3
Qxb3 22. Rf3 Qb6 23. Qh4 Ne8 24. f6 Nxf6 25. Bxf6 Bxf6 26. Qxf6 Qa5 27. Ref1
Bc6 28. Ng3 Qd8 29. Qf4 f6 30. Qh6 Qe7 31. h4 Rb3 32. h5 Qg7 33. Qf4 Rd8 34.
hxg6 hxg6 35. Nh5 gxh5 36. Rg3 Qxg3 37. Qxg3+ Kf7 38. Qf3 Ke7 39. Qxf6+ Kd7 40.
e5 Kc7 41. Qf5 dxe5 42. Qxe5+ Kb6 43. Rf7 Ka5 44. Qxc5+ 1-0

[Event "Lliga Catalana DH"]
[Site "Barcelona"]
[Date "2018.01.27"]
[Round "2.1"]
[White "Cruz Sanchez, Jonathan Esteban"]
[Black "Barbero Sendic, Alejandro"]
[Result "1-0"]
[WhiteElo "2477"]
[BlackElo "2430"]
[PlyCount "55"]
[EventDate "2018.??.??"]
[WhiteTeam "TPE"]
[BlackTeam "LLE"]

1. e4 c5 2. Nf3 g6 3. Bc4 Nc6 4. O-O Bg7 5. Nc3 a6 6. a3 e6 7. b4 b5 8. Be2 d6
9. Bb2 Nge7 10. bxc5 dxc5 11. Na4 Nd4 12. Nxd4 cxd4 13. Nc5 Qb6 14. Nd3 Bb7 15.
a4 Bxe4 16. axb5 Qxb5 17. Ba3 Qg5 18. g3 Bxd3 19. Bxd3 O-O 20. f4 Qf6 21. Bd6
Nd5 22. Bxf8 Bxf8 23. Rxa6 Rc8 24. f5 Qe7 25. fxe6 fxe6 26. Qg4 Nc7 27. Rc6 Qd7
28. Qe4 1-0

[Event "Lliga Catalana DH"]
[Site "Barcelona"]
[Date "2018.01.27"]
[Round "2.3"]
[White "Cruz Estrada, Filemon"]
[Black "Adel Lahchaichi, Oussama"]
[Result "1-0"]
[WhiteElo "2384"]
[BlackElo "2378"]
[PlyCount "53"]
[EventDate "2018.??.??"]
[WhiteTeam "TPE"]
[BlackTeam "LLE"]

1. d4 d5 2. Nf3 Nf6 3. c4 c6 4. e3 a6 5. Be2 g6 6. O-O Bg7 7. b3 Ne4 8. Bb2 O-O
9. Nbd2 c5 10. cxd5 Nxd2 11. Qxd2 Qxd5 12. Rac1 cxd4 13. Rfd1 Nc6 14. Nxd4 Rd8
15. Qe1 Nxd4 16. Bxd4 Qg5 17. f4 Qf5 18. Bxg7 Rxd1 19. Rxd1 Kxg7 20. Qc3+ Qf6
21. Qxf6+ Kxf6 22. Rd8 e6 23. Re8 h6 24. Kf2 g5 25. Bh5 e5 26. fxe5+ Kg7 27.
Bg4 1-0

[Event "Lliga Catalana DH"]
[Site "Barcelona"]
[Date "2018.01.27"]
[Round "2.2"]
[White "Trepat Herranz, Joan"]
[Black "Ootes, Lars"]
[Result "1-0"]
[WhiteElo "2431"]
[BlackElo "2384"]
[PlyCount "135"]
[EventDate "2018.??.??"]
[WhiteTeam "LLE"]
[BlackTeam "TPE"]

1. e4 d6 2. d4 Nf6 3. Nc3 g6 4. Bg5 c6 5. Qd2 b5 6. f3 h6 7. Be3 Bg7 8. a4 b4
9. Nd1 a5 10. Bd3 e5 11. dxe5 dxe5 12. Ne2 O-O 13. O-O Kh7 14. c3 Na6 15. cxb4
Nxb4 16. Bc4 Qe7 17. Nf2 Nh5 18. g3 Rd8 19. Qc3 Nf4 20. Rfd1 Nh3+ 21. Kg2 Rxd1
22. Rxd1 Ng5 23. Qd2 Ne6 24. Qd6 Qxd6 25. Rxd6 Nc2 26. Bd2 Rb8 27. b3 Bf8 28.
Rxc6 Bb7 29. Rb6 Bc5 30. Rb5 Na3 31. Rxa5 Bb6 32. Rxe5 Bc7 33. Rxe6 fxe6 34.
Bxe6 Ba6 35. Nf4 Be5 36. N2d3 Rd8 37. Bd5 Rc8 38. Nxe5 Rc2 39. g4 Rxd2+ 40. Kg3
g5 41. Ne6 Nc2 42. h4 gxh4+ 43. Kxh4 Ne3 44. Kg3 Nxd5 45. exd5 Rxd5 46. f4 Bc8
47. Nc7 Rc5 48. Nb5 Ba6 49. Nd4 Rc3+ 50. Kf2 Kg7 51. b4 Ra3 52. a5 Ra4 53. Nec6
Kf6 54. Ke3 Bc8 55. f5 Kg5 56. b5 Bb7 57. a6 Bxa6 58. bxa6 Rxa6 59. Ne5 Ra1 60.
Ndf3+ Kf6 61. Nd7+ Ke7 62. Nc5 Ra2 63. Kf4 Kf6 64. Ne4+ Kf7 65. Ne5+ Kf8 66. f6
Ra5 67. Nd6 Ra7 68. Ng6+ 1-0

[Event "Lliga Catalana DH"]
[Site "Barcelona"]
[Date "2018.01.27"]
[Round "2.4"]
[White "Martinez Lopez, Ivan"]
[Black "Boix Moreno, Daniel"]
[Result "1/2-1/2"]
[WhiteElo "2317"]
[BlackElo "2328"]
[PlyCount "29"]
[EventDate "2018.??.??"]
[WhiteTeam "LLE"]
[BlackTeam "TPE"]

1. Nf3 c5 2. g3 g6 3. Bg2 Bg7 4. O-O Nc6 5. c4 d6 6. Nc3 e6 7. b3 Nge7 8. Bb2
O-O 9. e3 e5 10. Ne1 f5 11. Nd5 Be6 12. Nc2 Bxd5 13. cxd5 Nb4 14. Nxb4 cxb4 15.
d3 1/2-1/2

[Event "Lliga Catalana DH"]
[Site "?"]
[Date "2018.01.27"]
[Round "2.1"]
[White "Cervello Tost, Ferran"]
[Black "Campos Moreno, Javier"]
[Result "1/2-1/2"]
[WhiteElo "2355"]
[BlackElo "2510"]
[PlyCount "30"]
[EventDate "2018.??.??"]
[WhiteTeam "PIP"]
[BlackTeam "OLO"]

1. d4 Nf6 2. Nf3 g6 3. g3 Bg7 4. Bg2 O-O 5. O-O d6 6. c4 Nbd7 7. Nc3 e5 8. dxe5
dxe5 9. Bg5 h6 10. Bxf6 Qxf6 11. Qc2 c6 12. Rad1 Qe7 13. Ne4 Nc5 14. Nd6 Rd8
15. Nxc8 Raxc8 1/2-1/2

[Event "Lliga Catalana DH"]
[Site "?"]
[Date "2018.01.27"]
[Round "2.2"]
[White "Vidal Zamora, Alex"]
[Black "Povill Claros, Xavier"]
[Result "0-1"]
[WhiteElo "2422"]
[BlackElo "2345"]
[PlyCount "50"]
[EventDate "2018.??.??"]
[WhiteTeam "OLO"]
[BlackTeam "PIP"]

1. d4 d5 2. c4 e6 3. Nc3 Bb4 4. Qa4+ Nc6 5. e3 Nf6 6. Nf3 O-O 7. Qc2 Re8 8. Bd2
Bd6 9. a3 a6 10. Rc1 Rb8 11. Bd3 dxc4 12. Bxc4 e5 13. dxe5 Nxe5 14. Nxe5 Rxe5
15. Qb3 Qe7 16. Bxa6 Rg5 17. Bf1 Be6 18. Qc2 Bf5 19. e4 Nxe4 20. Bxg5 Qxg5 21.
Bd3 Qxg2 22. Bxe4 Re8 23. Rf1 Bxe4 24. Nxe4 Rxe4+ 25. Kd2 Qg5+ 0-1

[Event "Lliga Catalana DH"]
[Site "?"]
[Date "2018.01.27"]
[Round "2.3"]
[White "Garcia Ramos, Daniel"]
[Black "Sabria Batlle, Pol"]
[Result "0-1"]
[WhiteElo "2336"]
[BlackElo "2403"]
[PlyCount "80"]
[EventDate "2018.??.??"]
[WhiteTeam "PIP"]
[BlackTeam "OLO"]

1. e4 c5 2. Nf3 e6 3. d4 cxd4 4. Nxd4 Nc6 5. Nc3 Qc7 6. a3 Nf6 7. Be3 a6 8. f4
d6 9. Nxc6 bxc6 10. Bd3 Be7 11. O-O d5 12. Kh1 c5 13. Bg1 Bb7 14. e5 Nd7 15. b3
O-O 16. Qe2 Kh8 17. Rf3 f5 18. exf6 Rxf6 19. Raf1 Bd6 20. Qe1 Raf8 21. Qh4 Rh6
22. Qg5 Nf6 23. Re1 Rh5 24. Qg3 e5 25. fxe5 Bxe5 26. Rxe5 Qxe5 27. Bxc5 Re8 28.
Qxe5 Rhxe5 29. Bd4 Re1+ 30. Bf1 Rc1 31. Kg1 Rxc2 32. h3 Rd2 33. Bxf6 gxf6 34.
Rxf6 d4 35. Na4 Re1 36. Rf2 Rdd1 37. Nb2 Rb1 38. Nd3 Red1 39. Nc5 Bd5 40. g4 d3
0-1